Clinical chemistry: (Record no. 2103)

MARC details
000 -LEADER
fixed length control field 00677nam a22002297a 4500
003 - CONTROL NUMBER IDENTIFIER
control field OSt
005 - DATE AND TIME OF LATEST TRANSACTION
control field 20150618193427.0
008 - FIXED-LENGTH DATA ELEMENTS--GENERAL INFORMATION
fixed length control field 150618b xxu||||| |||| 00| 0 eng d
020 ## - INTERNATIONAL STANDARD BOOK NUMBER
International Standard Book Number 9781451189193
040 ## - CATALOGING SOURCE
Transcribing agency DNLM
082 ## - DEWEY DECIMAL CLASSIFICATION NUMBER
Classification number QY25 B54c 2013
100 ## - MAIN ENTRY--PERSONAL NAME
Personal name Bishop, Michael
9 (RLIN) 5446
245 ## - TITLE STATEMENT
Title Clinical chemistry:
Remainder of title Principles, Techniques, and Correlations
250 ## - EDITION STATEMENT
Edition statement 7th ed.
260 ## - PUBLICATION, DISTRIBUTION, ETC. (IMPRINT)
Place of publication, distribution, etc. Philadelphia;
Name of publisher, distributor, etc. Wolters kluwer
Date of publication, distribution, etc. 2013
300 ## - PHYSICAL DESCRIPTION
Extent xxv, 754p;
Other physical details col.ill:
Dimensions 28cm
504 ## - BIBLIOGRAPHY, ETC. NOTE
Bibliography, etc References, & index included
650 ## - SUBJECT ADDED ENTRY--TOPICAL TERM
Topical term or geographic name as entry element Clinical chemistry
9 (RLIN) 428
650 ## - SUBJECT ADDED ENTRY--TOPICAL TERM
Topical term or geographic name as entry element Clinical pathology
9 (RLIN) 1928
700 ## - ADDED ENTRY--PERSONAL NAME
Personal name Fody, Edwards ; Schoeff, Larry E.
9 (RLIN) 5447
942 ## - ADDED ENTRY ELEMENTS (KOHA)
Source of classification or shelving scheme Other/Generic Classification Scheme
Koha item type Open Shelf
Holdings
Withdrawn status Lost status Source of classification or shelving scheme Damaged status Not for loan Home library Current library Date acquired Source of acquisition Inventory number Total Checkouts Full call number Barcode Checked out Date last seen Date last checked out Koha item type
    Other/Generic Classification Scheme     MUST Main Library MUST Main Library 18/06/2015   15/39193 3 QY25 B54c 2013 2015-1963 20/02/2025 13/02/2025 13/02/2025 Open Shelf
    Other/Generic Classification Scheme     MUST Main Library MUST Main Library 18/06/2015   15/39194 2 QY25 B54c 2013 2015-1964   08/12/2023 10/11/2023 Open Shelf